[Event "Budapest-chT1 Lilienthal 1718"]
[Site "Budapest"]
[Date "2018.02.25"]
[Round "10"]
[White "Kiraly, Zoltan"]
[Black "Szoke, Gabor"]
[Result "1/2-1/2"]
[WhiteElo "1953"]
[BlackElo "1945"]
[PlyCount "27"]
[EventDate "2017.10.01"]
[EventType "team-tourn"]
[EventRounds "13"]
[EventCountry "HUN"]
[SourceTitle "EXT 2021"]
[Source "ChessBase"]
[SourceDate "2020.10.23"]
[SourceVersion "1"]
[SourceVersionDate "2020.10.23"]
[SourceQuality "1"]
[WhiteTeam "Csepel"]
[BlackTeam "Budapest Ujpest KSE"]
[WhiteTeamCountry "HUN"]
[BlackTeamCountry "HUN"]

1. d4 d5 2. c4 e6 3. Nc3 Nf6 4. Nf3 Be7 5. Bg5 0-0 6. e3 b6 7. Bd3 Ba6 8. cxd5 Bxd3 9. Qxd3 Nxd5 10. Bxe7 Qxe7 11. 0-0 Nxc3 12. Qxc3 Rc8 13. Rac1 c5 14. dxc5 1/2-1/2

[Event "Budapest-chT1 Lilienthal 1718"]
[Site "Budapest"]
[Date "2018.02.11"]
[Round "9"]
[White "Fodor, Balazs"]
[Black "Szoke, Gabor"]
[Result "1-0"]
[WhiteElo "2158"]
[BlackElo "1945"]
[PlyCount "73"]
[EventDate "2017.10.01"]
[EventType "team-tourn"]
[EventRounds "13"]
[EventCountry "HUN"]
[SourceTitle "EXT 2021"]
[Source "ChessBase"]
[SourceDate "2020.10.23"]
[SourceVersion "1"]
[SourceVersionDate "2020.10.23"]
[SourceQuality "1"]
[WhiteTeam "Budapest MTK III"]
[BlackTeam "Budapest Ujpest KSE"]
[WhiteTeamCountry "HUN"]
[BlackTeamCountry "HUN"]

1. d4 d5 2. c4 e6 3. Nf3 Nf6 4. Nc3 Be7 5. Bf4 c6 6. e3 Nbd7 7. Qc2 Nh5 8. Bg3 Nxg3 9. hxg3 Nf6 10. Bd3 h6 11. 0-0 0-0 12. Rfd1 b6 13. e4 dxe4 14. Nxe4 Bb7 15. Rac1 Qc7 16. c5 b5 17. b4 a5 18. Nxf6+ Bxf6 19. a3 axb4 20. axb4 Ra6 21. Qe2 Rfa8 22. Qe4 g6 23. Ne5 Bxe5 24. dxe5 Rd8 25. Qf4 h5 26. Be4 Rxd1+ 27. Rxd1 Ra8 28. Qf6 Re8 29. Rd6 Rc8 30. Kh2 Ba8 31. g4 hxg4 32. Kg3 Qa7 33. Rd1 Qa3+ 34. f3 gxf3 35. gxf3 Qe3 36. Rh1 Rb8 37. Rh8# 1-0

[Event "Budapest-chT1 Lilienthal 1718"]
[Site "Budapest"]
[Date "2018.01.21"]
[Round "7"]
[White "Szoke, Gabor"]
[Black "Karacsonyi, Gellert"]
[Result "0-1"]
[WhiteElo "1945"]
[BlackElo "2140"]
[PlyCount "106"]
[EventDate "2017.10.01"]
[EventType "team-tourn"]
[EventRounds "13"]
[EventCountry "HUN"]
[SourceTitle "EXT 2021"]
[Source "ChessBase"]
[SourceDate "2020.10.23"]
[SourceVersion "1"]
[SourceVersionDate "2020.10.23"]
[SourceQuality "1"]
[WhiteTeam "Budapest Ujpest KSE"]
[BlackTeam "Aquarena III"]
[WhiteTeamCountry "HUN"]
[BlackTeamCountry "HUN"]

1. d4 Nf6 2. Nf3 d5 3. Bf4 c5 4. e3 Nc6 5. c3 Qb6 6. Qc1 Bf5 7. Nbd2 e6 8. Be2 h6 9. h3 Rc8 10. Nb3 c4 11. Nbd2 Qd8 12. Ne5 Bd6 13. Nxc6 Rxc6 14. Bxd6 Rxd6 15. Bd1 0-0 16. Bc2 Bxc2 17. Qxc2 b5 18. e4 dxe4 19. Nxe4 Nxe4 20. Qxe4 Qb6 21. a3 a5 22. 0-0 Rd7 23. f4 g6 24. Rae1 b4 25. axb4 axb4 26. Qe3 Ra8 27. f5 exf5 28. Qxh6 Qd6 29. Rf4 Re7 30. Rxe7 Qxe7 31. Rh4 Ra1+ 32. Kh2 Qd6+ 33. g3 Qf6 34. Qh7+ Kf8 35. Qh8+ Qxh8 36. Rxh8+ Ke7 37. Rc8 Ra2 38. Rxc4 Rxb2+ 39. Kg1 b3 40. Rb4 Rb1+ 41. Kf2 b2 42. Kg2 g5 43. c4 f4 44. gxf4 gxf4 45. c5 f3+ 46. Kxf3 Rf1+ 47. Ke4 b1Q+ 48. Rxb1 Rxb1 49. Kd5 Kd7 50. h4 Rh1 51. c6+ Kc7 52. Kc5 Rxh4 53. d5 Rh5 0-1

[Event "Budapest-chT1 Lilienthal 1213"]
[Site "Budapest"]
[Date "2013.01.20"]
[Round "6"]
[White "Felmery, Mate"]
[Black "Szoke, Gabor"]
[Result "0-1"]
[WhiteElo "1938"]
[BlackElo "1922"]
[PlyCount "86"]
[EventDate "2012.09.30"]
[EventType "team-tourn"]
[EventRounds "11"]
[EventCountry "HUN"]
[SourceTitle "EXT 2019"]
[Source "ChessBase"]
[SourceDate "2018.10.10"]
[SourceVersion "1"]
[SourceVersionDate "2018.10.10"]
[SourceQuality "1"]
[WhiteTeam "Budapest Vasas II"]
[BlackTeam "Budapest Ujpest KSE"]
[WhiteTeamCountry "HUN"]
[BlackTeamCountry "HUN"]

1. e4 e6 2. Qe2 d5 3. exd5 Qxd5 4. Nc3 Qd8 5. Nf3 Nf6 6. g3 b6 7. Bg2 Bb7 8. 0-0 Be7 9. d4 Nbd7 10. Bf4 a6 11. Rad1 0-0 12. Ne5 Bxg2 13. Kxg2 Bd6 14. Bg5 Qe8 15. Rfe1 h6 16. Bf4 Nd5 17. Nxd5 exd5 18. Bxh6 Bxe5 19. Qg4 Qe6 20. Qf3 Qxh6 21. dxe5 Nc5 22. Rd4 Ne6 23. Rh4 Qg6 24. g4 Rad8 25. Kh1 f6 26. Qf5 Qxf5 27. gxf5 Ng5 28. e6 Nf3 29. e7 Nxh4 30. exd8Q Rxd8 31. Re7 Rc8 32. Rd7 c6 33. Rb7 b5 34. Ra7 Re8 35. h3 Re2 36. Rxa6 Rxc2 37. b3 d4 38. Ra8+ Kh7 39. Rd8 Nxf5 40. a4 bxa4 41. bxa4 Rxf2 42. a5 Ra2 43. Rc8 d3 0-1

[Event "Budapest-chT1 Lilienthal 1112"]
[Site "Budapest"]
[Date "2012.02.05"]
[Round "7"]
[White "Szoke, Gabor"]
[Black "Palkovics, Laszlo"]
[Result "1-0"]
[WhiteElo "1894"]
[BlackElo "1959"]
[PlyCount "51"]
[EventDate "2011.10.02"]
[EventType "team-tourn"]
[EventRounds "11"]
[EventCountry "HUN"]
[SourceTitle "EXT 2020"]
[Source "ChessBase"]
[SourceDate "2019.10.17"]
[SourceVersion "1"]
[SourceVersionDate "2019.10.17"]
[SourceQuality "1"]
[WhiteTeam "Budapest Ujpest KSE"]
[BlackTeam "Budapest HUSI II"]
[WhiteTeamCountry "HUN"]
[BlackTeamCountry "HUN"]

1. d4 Nf6 2. c4 d6 3. Nc3 g6 4. e4 Bg7 5. f4 0-0 6. Nf3 c6 7. Be2 b5 8. cxb5 cxb5 9. e5 dxe5 10. dxe5 Nfd7 11. Bxb5 Bb7 12. 0-0 a6 13. Bc4 Qb6+ 14. Kh1 Rd8 15. Qe2 e6 16. Be3 Qc7 17. Rad1 Nc6 18. a3 Na5 19. Ba2 Rac8 20. Rd4 Nc6 21. Rd2 Bf8 22. Rfd1 Ne7 23. Ng5 h6 24. Nxe6 fxe6 25. Bxe6+ Kh8 26. Bxd7 1-0

[Event "Budapest-chT1 Lilienthal 1112"]
[Site "Budapest"]
[Date "2011.12.11"]
[Round "5"]
[White "Horvath, Ilona Klara"]
[Black "Szoke, Gabor"]
[Result "0-1"]
[WhiteElo "1828"]
[BlackElo "1894"]
[PlyCount "56"]
[EventDate "2011.10.02"]
[EventType "team-tourn"]
[EventRounds "11"]
[EventCountry "HUN"]
[SourceTitle "EXT 2020"]
[Source "ChessBase"]
[SourceDate "2019.10.17"]
[SourceVersion "1"]
[SourceVersionDate "2019.10.17"]
[SourceQuality "1"]
[WhiteTeam "Fabulon"]
[BlackTeam "Budapest Ujpest KSE"]
[WhiteTeamCountry "HUN"]
[BlackTeamCountry "HUN"]

1. e4 e6 2. f4 d5 3. e5 c5 4. c3 Nc6 5. Nf3 Nh6 6. d3 Be7 7. Be2 0-0 8. 0-0 b6 9. h3 Nf5 10. g4 Ng3 11. Re1 d4 12. Kh2 Nxe2 13. Qxe2 Bb7 14. Nbd2 b5 15. Ne4 Rc8 16. Nfd2 Na5 17. b3 c4 18. bxc4 bxc4 19. Bb2 dxc3 20. Bxc3 cxd3 21. Qe3 Nc4 22. Nxc4 Rxc4 23. f5 Rxe4 24. Qf2 Bh4 25. Qf1 Rxe1 26. Rxe1 Bxe1 27. Qxe1 Qd5 28. Qg1 d2 0-1

[Event "Budapest-chT1 Lilienthal 1112"]
[Site "Budapest"]
[Date "2011.11.20"]
[Round "3"]
[White "Zoltan, Andras"]
[Black "Szoke, Gabor"]
[Result "1-0"]
[WhiteElo "1952"]
[BlackElo "1894"]
[PlyCount "51"]
[EventDate "2011.10.02"]
[EventType "team-tourn"]
[EventRounds "11"]
[EventCountry "HUN"]
[SourceTitle "EXT 2020"]
[Source "ChessBase"]
[SourceDate "2019.10.17"]
[SourceVersion "1"]
[SourceVersionDate "2019.10.17"]
[SourceQuality "1"]
[WhiteTeam "Budapest Honved III"]
[BlackTeam "Budapest Ujpest KSE"]
[WhiteTeamCountry "HUN"]
[BlackTeamCountry "HUN"]

1. e4 e6 2. d3 d5 3. Nd2 c5 4. Ngf3 Nc6 5. g3 Bd6 6. Bg2 d4 7. Nc4 e5 8. Nxd6+ Qxd6 9. 0-0 Nge7 10. Nd2 g5 11. Nc4 Qg6 12. Qd2 Rg8 13. Kh1 g4 14. f4 gxf3 15. Bxf3 Bh3 16. Rf2 0-0-0 17. Qe2 Rdf8 18. Bd2 f5 19. exf5 Nxf5 20. Nxe5 Nxg3+ 21. hxg3 Qxg3 22. Bg4+ Kc7 23. Rxf8 Bxg4 24. Rf7+ Kc8 25. Nxg4 Rxg4 26. Qe6+ 1-0

[Event "Budapest-chT1 Lilienthal 1011"]
[Site "Budapest"]
[Date "2011.01.23"]
[Round "7"]
[White "Boldizsar, Szilard"]
[Black "Szoke, Gabor"]
[Result "1/2-1/2"]
[WhiteElo "1912"]
[BlackElo "1900"]
[PlyCount "33"]
[EventDate "2010.09.19"]
[EventType "team-tourn"]
[EventRounds "11"]
[EventCountry "HUN"]
[SourceTitle "EXT 2020"]
[Source "ChessBase"]
[SourceDate "2019.10.17"]
[SourceVersion "1"]
[SourceVersionDate "2019.10.17"]
[SourceQuality "1"]
[WhiteTeam "Csepel"]
[BlackTeam "Budapest Ujpest KSE"]
[WhiteTeamCountry "HUN"]
[BlackTeamCountry "HUN"]

1. d4 d5 2. c4 e6 3. Nf3 Nf6 4. Nc3 Be7 5. Bg5 0-0 6. e3 b6 7. cxd5 exd5 8. Qb3 Be6 9. Be2 c5 10. 0-0 Nbd7 11. Rac1 c4 12. Qa4 a6 13. Qc2 b5 14. a3 h6 15. Bh4 Qc7 16. Bg3 Bd6 17. Bxd6 1/2-1/2